00677nam a2200205 a 4500020001800000082001600018100002000034245005800054260002500112300000900137500003500146505002400181650001900205650003100224700002000255942000700275952009600282952008000378999001300458 a81-7101-282-500a297.4bGAI1 aGairdner, W H T aAl-Ghazali`s Mishkat Al-Anwar and the Ghazali Problem aTehranbGeorgec2005 a153p aincludes index and biblioraphy2 aBibliography, Index aSufism-Ghazali aMishkatul Anwaar-Criticism1 aGairdner, W H T cBK 00104070aHMIbHMId2007-09-07g100.00l0o297.4 GAI1p01650r2007-09-07w2026-01-16yEB 00104070aHMIbHMId2016-04-11l0o297.4 GAI1r2016-04-11w2016-04-11yBK c665d665